000 00738nam a2200277Ia 4500
003 OSt
005 20221006153312.0
006 a|||||r|||| 00| 0
007 ta
008 221006b |||||||| |||| 00| 0 kor d
020 _cW 12,000
024 _a31,937
037 _bGift, Korean Embassy
_cTextual
040 _aEASL
_cEASL
_bkor
041 _2kor
_akor
082 _aY:1.495, P4
100 _aIHM Mee-He Au.
_9663370
245 0 _aOtteoke junbihalkayo?
260 _aSeoul
_bQumran Korea
_c2004
300 _a250p.
_ccm.
490 _v KL
650 _a KL
650 _aSociety and culture
_9663371
942 _hY:1.495, P4
_cTEXL
_2CC
999 _c1100023
_d1100023